| 000 | 01099cam a22002415a 4500 | ||
|---|---|---|---|
| 001 | E139098 | ||
| 002 | 16759 | ||
| 008 | 070720s2007 xxk f 000 0 eng d | ||
| 035 | _a(Sirsi) u139098 | ||
| 041 | 0 | _aeng | |
| 050 | 0 | 4 | _a333.0076 $2 18 |
| 110 | 2 |
_aRoyal Institution of Chartered Surveyors _bEducation and Training _94397 |
|
| 245 | 0 | 0 |
_aAssessment of professional competence / assessment of technical competence _bJuly 2006, requirements and competencies |
| 260 |
_aLondon _bRICS _c2007 |
||
| 300 |
_a54p. _c30cm. |
||
| 350 | _a20 | ||
| 505 | 2 | _aRoutes to membership -- About the APC/ATC -- About the competencies -- Choosing your competencies -- The mandatory competencies -- APC pathway requirements -- ATC pathway requirements -- The competency definitions | |
| 520 | _aGuide to help candidates through the APC and ATC process. | ||
| 651 | 4 | _aInternational | |
| 690 | _aCAREERS, EDUCATION AND TRAINING-QUALIFICATION ROUTES-ASSESSMENT OF PROFESSIONAL COMPETENCE | ||
| 690 | _aCAREERS, EDUCATION AND TRAINING-QUALIFICATION ROUTES-ASSESSMENT OF PROFESSIONAL COMPETENCE | ||
| 942 | _n0 | ||
| 999 |
_c107274 _d107274 |
||